• 首页
  • 本馆介绍
  • 公告通知
  • 最新文献
  • 馆藏检索
  • 电子资源
  • 读者导购
  • 参考咨询
  • 我的图书馆
  • 登录
  • 详细信息显示
  • 放入我的书架
  • 预约/预借图书
  • 作者相关作品
  • 分类相关作品
  • 丛书相关作品
  • 出版社相关作品

书目信息

  • 表格格式
  • 工作单格式
  • 卡片格式
题名:
国际政治的全球化与国际道德危机
    
 
作者: 韦正翔 著
分册:  
出版信息: 北京   中国社会科学出版社  2006
页数: 454页
开本: 20cm
丛书名:
单 册:
中图分类: B82-051
科图分类:
主题词: 伦理学
电子资源:
ISBN: 7-5004-4902-X
000 00704nam0 2200205 450
001 0654707562
005 20061228151610.76
010    @a7-5004-4902-X@dCNY32.00
100    @a20061228d2006 km y0chiy0120 ea
101 0  @achi
102    @aCN@b110000
200 1  @a国际政治的全球化与国际道德危机@Aguo ji zheng zhi de quan qiu hua yu guo ji dao de wei ji@e全球伦理的圆桌模式构想@f韦正翔著@Fwei zheng xiang zhu
210    @a北京@c中国社会科学出版社@d2006
215    @a454页@d20cm
517 1  @a全球伦理的圆桌模式构想@Aquan qiu lun li de yuan zhuo mo shi gou xiang
606 0  @a伦理学
690    @aB82-051@v3
701  0 @a韦正翔@Awei zheng xiang@4著
801  0 @aCN@bPFT@c20061228
905    @a10447@dB82-051@e275
    
    国际政治的全球化与国际道德危机:全球伦理的圆桌模式构想/韦正翔著.-北京:中国社会科学出版社,2006
    454页;20cm
    
    
    ISBN 7-5004-4902-X:CNY32.00
    
●
相关链接 在E读中查询图书 在五车中查询图书 在当当中查询图书 在豆瓣中查询图书


正题名:国际政治的全球化与国际道德危机     索取号:B82-051/275         预约/预借

序号 登录号 条形码 馆藏地/架位号 状态 备注
1 0619222   206192225   第一样本阅览室/ [索取号:B82-051/275] 在馆    
2 0619223   206192234   第一借阅区/ [索取号:B82-051/275] 在馆    
3 0619224   206192243   第一借阅区/ [索取号:B82-051/275] 在馆    
唐山师范学院图书馆 欢迎您!
大连网信软件有限公司© 版权所有